Annales minorum seu trium ordinum A. S. Francisco institutorum aba anno, quo definit P. Lucas Waddingus, MDXL auque ad annum MDLIII

Detalles Bibliográficos
Autor principal: LUCA VENETO, Juan de
Formato: Libro
Publicado: Roma 1740
Materias:
Colección:Banco de datos
Acervo:Biblioteca del Ex Convento de Nuestra Señora de Guadalupe. Zacatecas
Descripción Física:t. XVIII
Tema general:Religiosos
Notas:Buena. VI,3,2(1741)
LEADER 00772nam a22002050004500
035 |a 39397 
036 |a 581 
100 1 |a LUCA VENETO, Juan de 
245 1 0 |a Annales minorum seu trium ordinum A. S. Francisco institutorum aba anno, quo definit P. Lucas Waddingus, MDXL auque ad annum MDLIII 
260 |a Roma  |b imp. Bernabó, et Lazzarini  |c 1740 
300 |a t. XVIII 
500 |a Buena. VI,3,2(1741) 
650 1 0 |a Religiosos 
949 |a CRZ-CG 
959 |a Ex convento de Nuestra Señora de Guadalupe, Museo Regional de Zacatecas, Zacatecas  |b CCC4 
960 |a Convento de Nuestra Señora de Guadalupe, Zacatecas  |b DD87 
961 |a Franciscana  |b OF 
942 |c CRZ-CG 
943 |g Biblioteca del Ex Convento de Nuestra Señora de Guadalupe. Zacatecas 
999 |c 963524  |d 963524